00217nam a2200109Ia 4500100001300000654001000013245002700023260002700050082001000077300000800087546001200095 aRussian  aLathe aElements of Lathe Work bPeace publishersc2001 a621.9 a442 aENGLISH